Qui suis-je ? #01 - Statistiques

Statistiques générales
  • Ce quiz a été pris 606 fois
  • Le résultat moyen est 4 sur 5
Statistiques - réponses
Indices Personnages % Correct
Je suis né le 31 juillet 1980. Je suis britannique. J’ai, gravée sur mon front, une cicatrice en forme d'éclair. Je suis orphelin et mon oncle, ma tante et mon cousin me détestent. Je suis un sorcier Je suis le personnage principal d’une série de sept livres et de huit films.Je suis... Harry Potter
99%
Je suis né à Ajaccio le 15 août 1769 et je suis mort le 5 mai 1821 sur l'île Sainte-Hélène Je suis arrivé au pouvoir en 1799 par le coup d'État du 18 Brumaire ans VIII (9 novembre 1799). Je suis le premier empereur des Français du 18 mai 1804 au 6 avril 1814 et du 20 mars au 22 juin 1815. Je suis un personnage historique connu pour la bataille Austerlitz et la bataille de Waterloo. Je suis... Napoléon Bonaparte
96%
Je suis un personnage de fiction de l'univers des canards des studios Disney.
J’ai été créé en 1947 par le scénariste-dessinateur Carl Barks. Je suis le « canard le plus riche du monde ». Je suis réputé pour mon avarice et mon côté aventurier. Je suis...
Balthazar Picsou
90%
Je suis un ninja jinchûriki.Je viens de Konoha. Je suis orphelin et haï des autres villageois du village d’où je suis originaire. Je suis le meilleur ninja de l’univers d’où je suis issu. J’ai accompli mon rêve qui était de devenir Hokage. Je suis... Naruto Uzumaki
77%
Je suis né le 3 janvier 1892 à Bloemfontein et mort le 2 septembre 1973 à Bournemouth. Je suis un écrivain, poète, philologue, essayiste et professeur d’université britannique.Dans mes roman les plus connus, j’ai développé une géographie, des peuples, une histoire et des langues durant la majeure partie de ma vie. J’ai inventé ma première langue, le nevbosh (nouveau non-sens), alors que je ne suis qu’un adolescent . Je n’aime pas la France. Je suis... John Ronald Reuel Tolkien
33%
Aucun quiz correspondant
Distribution des résultats
% des personnes avec chaque résultat
Percentile par nombre de réponses
Votre historique - résultats
Vous n’avez pas pris ce quiz